LEADER 01084nam0 2200289 450 001 000005874 005 20050922114911.0 100 $a20050922f2002----km-y0itay50------ba 101 0 $aita 102 $aIT 105 $ay---m---001yy 200 1 $aSicurezza alimentare$ei fondamenti teorici, la politica europea e le implicazioni commerciali$fMaria Carmela Aprile$gProf.ssa Daniela Covino 210 $aNapoli$cUniversitą degli Studi di Napoli "Parthenope"$d[2002?] 215 $a118 p.$d30 cm 328 $aTesi di Dottorato di ricerca in: Economia delle risorse alimentari e dell'ambiente XV° ciclo 610 1 $aAlimenti$aSicurezza$aAspetti politico-economici$aAspetti legislativi 676 $a363.192$v20 676 $a664.07$v20 676 $a641.1$v20 700 1$aAprile,$bMaria Carmela$0418037 702 1$aCovino,$bDaniela 712 02$aUniversitą degli Studi di Napoli "Parthenope" 801 0$aIT$bUNIPARTHENOPE$c20050922$gRICA$2UNIMARC 912 $a000005874 951 $aTESI-2002/2$cNAVA1$d2005 996 $aSicurezza alimentare$91206160 997 $aUNIPARTHENOPE LEADER 01503nam0 22003013i 450 001 VAN0120735 005 20221207035447.707 010 $a07-923819-5-5 100 $a20190314d1998 |0itac50 ba 101 $aeng 102 $aUS 105 $a|||| ||||| 200 1 $aNonlinear modeling$eadvanced black-box techniques$fedited by Johan A. K. Suykens and Joos Vandewalle 210 $aBoston [etc.]$cKluwer$dc1998 215 $aXVII, 256 p.$d25 cm 500 1$3VAN0250368$aNonlinear modeling$91547066 620 $dBoston$3VANL000051 700 1$aVandewalle$bJoos$3VANV092757$0632282 701 1$aSuykens$bJohan A. K.$3VANV092758$022315 712 $aKluwer $3VANV108116$4650 801 $aIT$bSOL$c20230616$gRICA 856 4 $u/sebina/repository/catalogazione/documenti/docE341~00842720221207155700.pdf$zdocE341~00842720221207155700.pdf 856 4 $uhttps://www.google.it/books/edition/Nonlinear_Modeling/1GKL5-IHDcwC?hl=it&gbpv=1&dq=*Nonlinear+modeling+:+advanced+black-box+techniques&printsec=frontcover$zhttps://www.google.it/books/edition/Nonlinear_Modeling/1GKL5-IHDcwC?hl=it&gbpv=1&dq=*Nonlinear+modeling+:+advanced+black-box+techniques&printsec=frontcover 899 $aBIBLIOTECA DEL DIPARTIMENTO DI INGEGNERIA$1IT-CE0100$2VAN05 912 $aVAN0120735 950 $aBIBLIOTECA DEL DIPARTIMENTO DI INGEGNERIA$d05PREST E 372 $e05UBI673 20190314 996 $aNonlinear modeling$91547066 997 $aUNICAMPANIA